| 000 | 00516cam a2200193ua 4500 | ||
|---|---|---|---|
| 003 | OSt | ||
| 008 | 241227b |||||||| |||| 00| 0 eng d | ||
| 020 | _a81 224 0429 4 | ||
| 041 | _aeng | ||
| 082 |
_a515.353 _bJAI/CO |
||
| 100 |
_aJain, M K . _96637 |
||
| 245 | _aComputational methods for partial differential equations / | ||
| 250 | _a1 / | ||
| 260 |
_aNew Delhi : _bWiley Eastern Ltd , _c1994. |
||
| 300 | _a244 ; . | ||
| 700 | 1 |
_aIyyenkar, S R K . _96638 |
|
| 700 | 1 |
_aJain, R K . _91348 |
|
| 942 | _cBK | ||
| 999 |
_c5382 _d5382 |
||